| 000 | 00611cam a2200205 4500500 | ||
|---|---|---|---|
| 005 | 20260329001553.0 | ||
| 041 | _afre | ||
| 042 | _adc | ||
| 100 | 1 | 0 |
_aJeancourt-Galignani, Oriane _eauthor |
| 245 | 0 | 0 | _aSix dates pour deux histoires parallèles |
| 260 | _c2008. | ||
| 500 | _a75 | ||
| 690 | _aConflit | ||
| 690 | _aIsraël | ||
| 690 | _aJérusalem | ||
| 690 | _aMoyen-Orient | ||
| 690 | _aPalestine | ||
| 786 | 0 | _nPhilosophie magazine | 17 | 3 | 2008-03-01 | p. 17-17 | 1951-1787 | |
| 856 | 4 | 1 | _uhttps://shs.cairn.info/magazine-philosophie-magazine-2008-3-page-17?lang=fr&redirect-ssocas=7080 |
| 999 |
_c1806637 _d1806637 |
||